Tratado de Derecho Penal internacional
Guardat en:
| Autor principal: | |
|---|---|
| Format: | Llibre |
| Idioma: | espanyol |
| Publicat: |
Valencia
Tirant Lo Blanch
2005
|
| Matèries: | |
| Etiquetes: |
Afegir etiqueta
Sense etiquetes, Sigues el primer a etiquetar aquest registre!
|
MARC
| LEADER | 00000nam a2200000 a 4500 | ||
|---|---|---|---|
| 001 | UCG5270 | ||
| 003 | CL-VaPUC | ||
| 008 | 110120e20050000SP |||||||||||||||||spa|d | ||
| 020 | |a 8484564282 | ||
| 082 | 0 | 4 | |a 341.77 |b WER |2 21 |
| 100 | 0 | |a Werle, Gerhard |e author |9 347 | |
| 245 | 1 | 0 | |a Tratado de Derecho Penal internacional |
| 300 | |a 739 p | ||
| 942 | |c BK | ||
| 945 | |d 20110120 00:00:00 |a dcastane | ||
| 260 | |a Valencia |b Tirant Lo Blanch |c 2005 | ||
| 650 | 0 | |a Derecho penal internacional |9 371889 | |
| 650 | 7 | |a DERECHO PENAL |2 CL-VaPUC |9 11 | |
| 650 | 0 | |a Filosofía del derecho |9 255050 | |
| 650 | 0 | |a Fuentes del derecho |9 255162 | |
| 650 | 0 | |a Delitos internacionales |9 255069 | |
| 650 | 0 | |a Paz |9 259242 | |
| 650 | 0 | |a Genocidio |9 323090 | |
| 650 | 0 | |a Crímenes de guerra |9 344323 | |
| 650 | 0 | |a Tribunales internacionales |9 256072 | |
| 583 | |a last modification |c 20110120 00:00:00 |k Rodrigo Vera | ||
| 999 | |c 343823 |d 343821 | ||
| 952 | |0 0 |1 0 |4 0 |6 341_770000000000000_WER_2005 |7 0 |8 A |9 441451 |a BIBDER |b BIBDER |d 2019-11-22 |i 4746724 |o 341.77 WER 2005 |p 4746724 |r 2023-01-25 |w 2019-11-22 |y BK |k DER | ||